00241nam a2200097Ia 4500008004100000082001100041245005100052260001800103300000700121650001500128221030s9999 xx 000 0 und d a105.23 0aStudy of Level of Employee Satisfaction in PWC bJK Bankc2009 a67 aManagement